Véletlenül előidézett házi malaria-endemia a kolozsvári belgyógyászati klinikán
Elmentve itt :
| Szerző: | |
|---|---|
| Dokumentumtípus: | Cikk |
| Megjelent: |
1903
|
| Sorozat: | Kolligátum
|
| Kulcsszavak: | Malária, Fertőző betegségek |
| Online Access: | http://misc.bibl.u-szeged.hu/25227 |
| LEADER | 00599nab a2200169 i 4500 | ||
|---|---|---|---|
| 001 | misc25227 | ||
| 005 | 20191108150450.0 | ||
| 008 | 170916s1903 hu o 0|| zxx d | ||
| 040 | |a SZTE Miscellanea Repozitórium |b hun | ||
| 041 | |a zxx | ||
| 100 | 1 | |a Jancsó Miklós | |
| 245 | 1 | 0 | |a Véletlenül előidézett házi malaria-endemia a kolozsvári belgyógyászati klinikán |h [elektronikus dokumentum] / |c Jancsó Miklós |
| 260 | |c 1903 | ||
| 300 | |a 2-35 | ||
| 490 | 0 | |a Kolligátum | |
| 695 | |a Malária, Fertőző betegségek | ||
| 856 | 4 | 0 | |u http://misc.bibl.u-szeged.hu/25227/1/015_023_002-035.pdf |z Dokumentum-elérés |